Bucólicas /

Guardado en:
Bibliografiske detaljer
Hovedforfatter: Virgilio Marón, Publio (autor)
Format: Bog
Sprog:spansk
Udgivet: México : UNAM, Centro de Traductores de Letras Clásicas, 1967, 1967
Tags: Tilføj Tag
Ingen Tags, Vær først til at tagge denne postø!

MARC

LEADER 00000nam^a2200000^a^4500
001 000563354
005 20250521000000.0
009 20260310132004.288
037 |a Acervo Xavier Clavigero 
041 |a ESP 
091 |a FPA. 00421 
100 |a Virgilio Marón, Publio  |e (autor) 
245 1 0 |a Bucólicas / 
264 4 |a México :  |b UNAM, Centro de Traductores de Letras Clásicas,  |c 1967, 1967 
300 |a CXXVII, 47, 47 p. 
336 |a texto  |b txt  |2 rdacontenido 
337 |a sin mediación  |b n  |2 rdamedio 
338 |a volumen  |b nc  |2 rdasoporte 
649 |a XX 
910 |a Fondo José Ignacio Palencia Gómez S.J. 
920 |a Impresos - Libros 
930 |a Fondos Especiales 
940 |a Literatura 
905 |a 137 
901 |a 0500358747  |b IT2  |c ESL  |i D  |u 20250521 
902 |a https://opac.biblio.iteso.mx/vufind/Record/000563354